000 00545nam a22002057a 4500
003 UA-OsUOA
001 44890
007 ta
008 20110625b un ||||| |||| 00| 0 ukr d
100 _aОвечко І.
090 _a94(477).02
_bО-31
942 _cBR
040 _aUA-OsUOA
_bukr
_cUA-OsUOA
_dUA-OsUOA
245 _aДослідження з історії Київської Русі
955 _a1
041 _aukr
080 _a94(477).02
650 7 _a9 Географія. Біографії. Історія
_2UDC
999 _c424991
_d424991